| 000 | nam a22 a 4500 | ||
|---|---|---|---|
| 999 |
_c4103 _d4103 |
||
| 003 | AKMAL | ||
| 005 | 20170525110943.0 | ||
| 008 | 170525s2007 my a e | 000 0 may d | ||
| 020 |
_a9677009249 (kkt.) : _cRM25.00 |
||
| 040 | _aAKMAL | ||
| 082 | 0 | 4 | _a959.5 MAL |
| 090 | 2 | 0 |
_a959.5 _bMAL |
| 110 | 1 |
_aMalaysia _9400 |
|
| 245 | 1 | 0 |
_aMalaysia negara kita : _bsemua pindaan hingga Januari, 2009 / _c[ketua editor Tajuddin bin Hj Hussein, penterjemah Suhaiza binti Ibrahim, editor Robiah binti Alias, Jiyana binti Jibril] |
| 250 | _aEd. 2007 | ||
| 260 |
_aKuala Lumpur : _bMDC Publishers, _c2007 |
||
| 300 |
_axi, 381ms. : _bil. ; _c25cm. |
||
| 651 | 0 |
_aMalaysia _xPolitics and government _y21st century _9147 |
|
| 651 | 0 |
_aMalaysia _xHistory _9434 |
|
| 700 | 0 |
_aTajuddin Hj Hussein _98032 |
|
| 700 | 0 |
_aSuhaiza Ibrahim _98033 |
|
| 700 | 0 |
_aRobiah Alias _98034 |
|
| 700 | 0 |
_aJiyana Jibril _98035 |
|
| 942 |
_2ddc _cBOOK |
||